Central Library OPAC University of Rajshahi

Budgeting : profit planning and control / (Record no. 15878)

MARC details
000 -LEADER
fixed length control field 00789nam a22002651 4500
001 - CONTROL NUMBER
control field 15878
003 - CONTROL NUMBER IDENTIFIER
rucl marc code BD-RjUL
005 - DATE AND TIME OF LATEST TRANSACTION
control field 20211208235913.0
008 - FIXED-LENGTH DATA ELEMENTS--GENERAL INFORMATION
fixed length control field 800903s1964 njua b 001 0 eng d
035 ## - SYSTEM CONTROL NUMBER
System control number (BD-RjUL) 15933
040 ## - CATALOGING SOURCE
Original cataloging agency DLC
Transcribing agency DLC
Modifying agency DLC
-- BD-RjUL
Language of cataloging eng
041 ## - LANGUAGE CODE
Language code of text/sound track or separate title eng
082 00 - DEWEY DECIMAL CLASSIFICATION NUMBER
Classification number 658.154
Author mark and year WEB 1964
100 1# - MAIN ENTRY--PERSONAL NAME
Personal name Welsch, Glenn A.
9 (RLIN) 45847
245 10 - TITLE STATEMENT
Title Budgeting : profit planning and control /
Statement of responsibility, etc. Glenn A. Welsch,
250 ## - EDITION STATEMENT
Edition statement 2d ed.
260 ## - PUBLICATION, DISTRIBUTION, ETC. (IMPRINT)
Place of publication, distribution, etc. Englewood Cliffs, N.J. :
Name of publisher, distributor, etc. Prentice-Hall,
Date of publication, distribution, etc. c1964
300 ## - PHYSICAL DESCRIPTION
Pagination xxii, 600 p. :
Illustrations illus. ;
Size 22 cm.
490 0# - SERIES STATEMENT
Series statement Prentice-Hall accounting series
504 ## - BIBLIOGRAPHY, ETC. NOTE
Bibliography, etc Bibliographical footnotes and Index
650 #0 - SUBJECT ADDED ENTRY--TOPICAL TERM
Topical term or geographic name as entry element Budget in business.
9 (RLIN) 49235
942 ## - ADDED ENTRY ELEMENTS (KOHA)
Source of classification or shelving scheme Dewey Decimal Classification
Koha item type Books
Holdings
Lost status Source of classification or shelving scheme Damaged status Not for loan Collection code Permanent Location Current Location Shelving location Date acquired Source of acquisition Cost, normal purchase price Total Checkouts Full call number Date last seen Copy number Koha item type
  Dewey Decimal Classification     Non-fiction Central Library, University of Rajshahi Central Library, University of Rajshahi   24/11/1967 Zeitlinger 80.00   658.154 WEB 1964 11/02/2014 C-5 Books
  Dewey Decimal Classification     Non-fiction Central Library, University of Rajshahi Central Library, University of Rajshahi   28/10/1965 zeitlinger 78.00   658.154 WEB 1964 17/10/2019 C-3 Books
  Dewey Decimal Classification     Non-fiction Central Library, University of Rajshahi Central Library, University of Rajshahi   28/10/1965 zeitlinger 78.00   658.154 WEB 1964 17/10/2019 C-4 Books
  Dewey Decimal Classification   Not For Loan Non-fiction Central Library, University of Rajshahi Central Library, University of Rajshahi Reading Room 24/11/1967 Zeitlinger 80.00   658.154 WEB 1964 29/10/2019 C-1 Books